| 000 | 00677nas a2200229 i 4500 | ||
|---|---|---|---|
| 001 | 1792 | ||
| 003 | ES-MaACL | ||
| 005 | 20250828062527.0 | ||
| 007 | t| | ||
| 008 | 950801d18951900sp | | 1 ||pa d | ||
| 022 | _a2486-4501 | ||
| 245 | 0 | 0 |
_aRevista de ciencias y letras _b: órgano del profesorado facultativo / _cdir. Manuel Reinante Hidalgo. |
| 260 |
_aMadrid : _bImp. de M. Miñón e Hijos, _c1895-1900. |
||
| 300 |
_a2 v. ; _c31 cm. |
||
| 310 | _aDecenal | ||
| 362 | 0 | _aN. 1 (5 dic. 1895)-(1900) | |
| 650 | 7 |
_aEducación _2embne _912073 |
|
| 700 | 1 |
_aReinante Hidalgo, Manuel. _996042 |
|
| 852 |
_aES-MaACL _jHem-532 |
||
| 866 | 0 | _o1895-1900 | |
| 999 |
_c1792 _d1792 |
||